Solved problems: Gamma and Beta functions, legendre polynomials, Bessel functions

Saved in:
Bibliografiske detaljer
Main Authors: Farrell, Orin J (Author), Ross, Bertram (Author)
Format: Bog
Sprog:engelsk
Udgivet: Nueva York The MacMillan 1963
Fag:
Tags: Tilføj Tag
Ingen Tags, Vær først til at tagge denne postø!

MARC

LEADER 00000nam a2200000 a 4500
001 UCU3061
003 CL-VaPUC
008 960502e19630000US |||||||||||||||||eng|d
082 0 4 |a 511.33  |b FAR  |2 21 
100 0 |a Farrell, Orin J  |e author  |9 359757 
700 0 |a Ross, Bertram  |e author  |9 359758 
245 1 0 |a Solved problems: Gamma and Beta functions, legendre polynomials, Bessel functions 
300 |a 410 p 
942 |c BK 
945 |d 19960502 00:00:00  |a cmena 
260 |a Nueva York  |b The MacMillan  |c 1963 
650 7 |a FUNCIONES GAMA  |2 CL-VaPUC  |9 359759 
650 0 |a Matemática  |9 260235 
650 7 |a FUNCIONES BETA  |2 CL-VaPUC  |9 326874 
650 7 |a FUNCIONES BESSEL  |2 CL-VaPUC  |9 359760 
650 0 |a Funciones (Matemáticas)  |9 338128 
650 0 |a Lógica matemática   |9 262442 
650 0 |a Cálculo  |9 260234 
583 |a last modification  |c 19960502 00:00:00  |k Rodrigo Vera 
999 |c 247190  |d 247188 
952 |0 0  |1 0  |4 0  |6 511_330000000000000_FAR_1963  |7 0  |8 A  |9 262860  |a BIBING  |b BIBING  |d 2019-11-19  |i 1655485  |o 511.33 FAR 1963  |p 1655485  |r 2023-03-02  |w 2019-11-19  |y BK  |k EIQ